000 01191cam a2200265 4500
001 ABS63819
008 000000n2001 000 0 eng u
035 _a(Sirsi) u112230
100 _aGregg, R.
245 _aRefurbishment of buildings for residential use
260 _c2001
490 _aBuilding Engineer
_v76(4) 15-19(5)
520 _aConsiders the refurbishment of existing buildings for residential occupation in the context of government recognition that approximately 3 to 4 million new homes are required by 2016. Argues that refurbishment of existing buildings should be considered alongside such ideas as value for money, social-economic classification and sustainability. Illustrated with reference to Woodlands Park Development in Derbyshire. References
590 _aABS
650 _aBUILT ENVIRONMENT-BUILDING MAINTENANCE AND REFURBISHMENT
650 _aBROWNFIELD DEVELOPMENT
650 _aRESIDENTIAL PROPERTY
_96266
650 _aWOODLANDS PARK
650 _aBUILT ENVIRONMENT-BUILDING MAINTENANCE AND REFURBISHMENT
650 _aLISTED BUILDINGS
650 _aCOST COMPARISON
690 _aRefurbishment
_96264
700 _aCrosbie, J.
942 _n0
999 _c66837
_d66837